01528nam a2200253 a 450000100100000000500170001000800410002704000250006804100130009308200160010610000370012224502170015926000990037630000250047570000520050070000280055270000280058074000370060895201850064595201940083095201140102495201190113899900170125700003601020200930074810.0111122s1980 dr ac r 000 0 spa d aDO-SdBNPbspacBNPHU17aspaheng axxxxbP438c1 aPérez Montás, Eugenio91315610aCasas coloniales de Santo Domingo = Colonial houses of Santo Domingo /cEugenio Pérez Montás ; prólogo Rosa María Vicioso de Mayol ; fotografías, Onorio Montás ; dibujos, Francis Tezanos ... [et al.]. aSanto Domingo :bMuseo de las Casas RealesbVoluntariado del Museo de las Casas Reales,c1980. a275 p. :bils. retr.1 aVicioso de Mayol, Rosa María,epról.9620481 aMontás, Onorio9590421 aTezanos, Francis96204902aColonial houses of Santo Domingo 001054708DSaGRbGRcHDd2019-06-14iLF1l0oxxxx P438cp36010-30r2020-06-25te.3w2020-06-25yLFDSzPerteneció a la biblioteca personal de Sonia Ginebra.ZPréstamo en sala 001054708DSaGRbGRcHDd2019-07-03iLF1l0oxxxx P438cp36010-40r2020-06-25te.4w2020-06-25yLFDSzPerteneció a la biblioteca personal de la Familia Reyes Duluc.ZPréstamo en sala 0010718PDaPDbPDcHDd2011-11-22iLF1l0oxxxx P438cp36010-10r2020-06-25w2020-06-25yLFPDZNo se presta 0010718PDaPDbPDcHDd2011-11-23iLF1l0oxxxx P438cp36010-20r2020-06-25te.2w2020-06-25yLFPDZNo se presta c35501d35501